Industrialización y exportaciones no tradicionales, opciones estratégicas para una nueva política industrial del Estado frente a la crisis económica en Centroamérica: conreferencia particular al caso de Costa Rica /
Ponencia presentada en el Seminario Centroamericano sobre Estado y Desarrollo Económico en el CEDAL, 1984. En esta se presenta un análisis de las estrategias para una nueva política industrial frente a la crisis económica en Centroamérica, centrada en el caso de Costa Rica.
Guardado en:
| Autor principal: | |
|---|---|
| Formato: | Texto |
| Lenguaje: | Spanish |
| Publicado: |
Heredia:
UNA,
1984
|
| Materias: | |
| Etiquetas: |
Agregar Etiqueta
Sin Etiquetas, Sea el primero en etiquetar este registro!
|
MARC
| LEADER | 00000 a a2200000 04500 | ||
|---|---|---|---|
| 001 | 21713 | ||
| 003 | cru CRAI/IIS | ||
| 005 | 20220615112232.0 | ||
| 008 | 210513b |||||||| |||| 00| 0 spa d | ||
| 040 | |c cru CRAI/IIS | ||
| 090 | |a 08.01.02 F954i | ||
| 100 | 1 | |a Fuerst Weigand, Edgar | |
| 245 | 1 | |a Industrialización y exportaciones no tradicionales, opciones estratégicas para una nueva política industrial del Estado frente a la crisis económica en Centroamérica: |b conreferencia particular al caso de Costa Rica / |c Edgar Fuerst Weigand | |
| 260 | |a Heredia: |b UNA, |c 1984 | ||
| 300 | |a 41 p. | ||
| 500 | |a Colección Centroamérica | ||
| 520 | |a Ponencia presentada en el Seminario Centroamericano sobre Estado y Desarrollo Económico en el CEDAL, 1984. En esta se presenta un análisis de las estrategias para una nueva política industrial frente a la crisis económica en Centroamérica, centrada en el caso de Costa Rica. | ||
| 650 | 0 | |9 8450 |a EXPORTACIONES NO TRADICIONALES | |
| 650 | 0 | |9 3651 |a POLÍTICA INDUSTRIAL | |
| 651 | 0 | |9 308 |a CENTROAMERICA | |
| 651 | 0 | |9 32 |a COSTA RICA | |
| 942 | |2 ddc |c LI | ||
| 999 | |c 14682 |d 14682 | ||
